000 00623nam a22001937a 4500
005 20180621110459.0
010 _aENG-123266
020 _a9788120771741
_c300.00
035 _aEN-106798
037 _bDBAD/PUB
082 _a070.50954
100 _aGhai, S.K.
245 _aFace to face with Indian publishing professionals:
_cby S. K. Ghai
_ba collection of interviews /
260 _aNew Delhi
_bInstitute of Book Publishing
_c2012
270 _aA-59, Okhla Industrial Area, Phase-II,
_bNew Delhi
300 _a172p.
_c21cm(pbk)
500 _aIt includes index
942 _2ddc
_cEN
_mGHA
_h070.50954
999 _c152886
_d152886